[Event "NAYCC U14 w"]
[Site "Toronto CAN"]
[Date "2013.08.15"]
[Round "2"]
[White "Ravishankar, Rakshaa"]
[Black "Serban, Diana"]
[Result "1-0"]
[WhiteElo "1431"]
[BlackElo "1253"]
[PlyCount "133"]
[GameId "2160767909284207"]
[EventDate "2013.08.14"]
[EventType "swiss"]
[EventRounds "9"]
[EventCountry "CAN"]
[SourceTitle "EXT 2022"]
[Source "ChessBase"]
[SourceDate "2021.10.06"]
[SourceVersion "1"]
[SourceVersionDate "2021.10.06"]
[SourceQuality "1"]

1. e4 c5 2. Nc3 d6 3. f4 g6 4. Nf3 Nf6 5. Bb5+ Bd7 6. Bxd7+ Qxd7 7. O-O Nc6 8. d3 Bg7 9. Bd2 Rc8 10. Nh4 Qg4 11. Qxg4 Nxg4 12. h3 Bd4+ 13. Kh1 Nf6 14. a3 a6 15. Rab1 Nh5 16. Ne2 O-O 17. g4 g5 18. Nf3 Ng7 19. c3 Bf6 20. fxg5 Be5 21. d4 cxd4 22. cxd4 Bxd4 23. Nexd4 Ne5 24. Nxe5 dxe5 25. Nf3 f6 26. Rbc1 Ne6 27. Rxc8 Rxc8 28. Rc1 Rd8 29. gxf6 exf6 30. Kg2 Kg7 31. Kf2 Kf7 32. Ke2 Ke7 33. Rc3 Ke8 34. g5 Kf7 35. gxf6 Kxf6 36. h4 Nd4+ 37. Nxd4 Rxd4 38. Ke3 h5 39. b3 Ke6 40. Rd3 Rxd3+ 41. Kxd3 b5 42. a4 Kd6 43. Kc3 Kc6 44. Kb4 Kb6 45. Be3+ Kc6 46. Ka5 bxa4 47. bxa4 Kb7 48. Bf2 Ka8 49. Kxa6 Kb8 50. Kb6 Ka8 51. a5 Kb8 52. a6 Ka8 53. Kc6 Kb8 54. Kd6 Kc8 55. a7 Kb7 56. Kxe5 Ka8 57. Kf6 Kb7 58. e5 Kc6 59. a8=Q+ Kb5 60. Qc8 Kb4 61. Qc5+ Kb3 62. Bd4 Ka4 63. Qb6 Ka3 64. Ke6 Ka4 65. Bc3 Ka3 66. Kd5 Ka2 67. Qb2# 1-0

[Event "NAYCC U14 w"]
[Site "Toronto CAN"]
[Date "2013.08.15"]
[Round "2"]
[White "Tao, Rachel"]
[Black "Ding, Kimberly"]
[Result "0-1"]
[WhiteElo "1659"]
[BlackElo "2013"]
[PlyCount "92"]
[GameId "2160767909284208"]
[EventDate "2013.08.14"]
[EventType "swiss"]
[EventRounds "9"]
[EventCountry "CAN"]
[SourceTitle "EXT 2022"]
[Source "ChessBase"]
[SourceDate "2021.10.06"]
[SourceVersion "1"]
[SourceVersionDate "2021.10.06"]
[SourceQuality "1"]

1. e4 e6 2. d4 d5 3. exd5 exd5 4. Bd3 Bd6 5. h3 Ne7 6. Nf3 Bf5 7. O-O O-O 8. Re1 f6 9. Nc3 c6 10. Ne2 Bxd3 11. Qxd3 Ng6 12. Ng3 Qd7 13. Nf5 Na6 14. a3 Bc7 15. N3h4 Rae8 16. Bd2 Nxh4 17. Nxh4 Qd6 18. g3 Qd7 19. Qf5 Qf7 20. Rxe8 Rxe8 21. Re1 Bd6 22. Re3 Rxe3 23. Bxe3 Bf8 24. Qg4 Nc7 25. Nf5 Kh8 26. Bf4 Ne6 27. Nd6 Bxd6 28. Bxd6 f5 29. Qd1 Qg6 30. c3 Ng5 31. Kg2 Qxd6 32. Qh5 Qg6 33. Qxg6 hxg6 34. f3 Kg8 35. h4 Ne6 36. Kf2 Kf7 37. Ke3 Kf6 38. b4 f4+ 39. gxf4 Kf5 40. a4 a6 41. c4 Nxf4 42. b5 dxc4 43. bxc6 bxc6 44. Kd2 Nd5 45. a5 Kf4 46. Ke2 c3 0-1

[Event "NAYCC U14 w"]
[Site "Toronto CAN"]
[Date "2013.08.15"]
[Round "2"]
[White "Thanabalachandran, Luxiga"]
[Black "Wang, Sophie"]
[Result "0-1"]
[WhiteElo "1030"]
[BlackElo "1346"]
[PlyCount "130"]
[GameId "2160767909284209"]
[EventDate "2013.08.14"]
[EventType "swiss"]
[EventRounds "9"]
[EventCountry "CAN"]
[SourceTitle "EXT 2022"]
[Source "ChessBase"]
[SourceDate "2021.10.06"]
[SourceVersion "1"]
[SourceVersionDate "2021.10.06"]
[SourceQuality "1"]

1. e4 c5 2. c3 Nc6 3. Nf3 Nf6 4. e5 Ng4 5. d4 Qa5 6. Bd2 Qb6 7. Bc1 cxd4 8. cxd4 e6 9. a3 d6 10. exd6 Bxd6 11. Nc3 e5 12. Nxe5 Bxe5 13. Be3 Nxe3 14. fxe3 Bf6 15. b4 Bg5 16. Qf3 O-O 17. Bd3 Re8 18. Nd1 Qxd4 19. Rf1 Rxe3+ 20. Nxe3 Qxa1+ 21. Ke2 Qa2+ 22. Ke1 Bxe3 23. Qxe3 Bd7 24. Qf2 Qxf2+ 25. Rxf2 Ne5 26. Rd2 Nxd3+ 27. Rxd3 Bb5 28. Rd5 Bc6 29. Rg5 Re8+ 30. Kf2 a6 31. g3 f6 32. Rc5 Re5 33. Rc3 Kf7 34. h4 h6 35. Rd3 Ke7 36. Rc3 g5 37. hxg5 hxg5 38. Rd3 Rf5+ 39. Kg1 Rf3 40. Rxf3 Bxf3 41. Kf2 Bg4 42. Ke3 f5 43. Kf2 Ke6 44. Ke3 Ke5 45. Kf2 f4 46. Kg2 Ke4 47. gxf4 gxf4 48. Kf2 Kd4 49. Ke1 Kc3 50. Kf2 Kb3 51. b5 axb5 52. Ke1 b4 53. axb4 Kxb4 54. Kd2 Kc4 55. Ke1 b5 56. Kd2 b4 57. Ke1 b3 58. Kd2 b2 59. Kc2 f3 60. Kxb2 f2 61. Kc2 f1=Q 62. Kd2 Qd3+ 63. Kc1 Bf5 64. Kb2 Qb3+ 65. Ka1 Qb1# 0-1

[Event "NAYCC U14 w"]
[Site "Toronto CAN"]
[Date "2013.08.15"]
[Round "2"]
[White "Xiang, Evan"]
[Black "Cherepakhin, Olga"]
[Result "1/2-1/2"]
[WhiteElo "1944"]
[BlackElo "1669"]
[PlyCount "133"]
[GameId "2160767909284210"]
[EventDate "2013.08.14"]
[EventType "swiss"]
[EventRounds "9"]
[EventCountry "CAN"]
[SourceTitle "EXT 2022"]
[Source "ChessBase"]
[SourceDate "2021.10.06"]
[SourceVersion "1"]
[SourceVersionDate "2021.10.06"]
[SourceQuality "1"]

1. d4 d5 2. Bf4 e6 3. Nf3 Nf6 4. e3 Bd6 5. Bg5 h6 6. Bh4 Be7 7. c4 O-O 8. Nc3 b6 9. Rc1 Bb7 10. Be2 c5 11. dxc5 bxc5 12. cxd5 exd5 13. Qc2 Nbd7 14. O-O Rc8 15. Rfd1 Qc7 16. Bb5 Rfd8 17. Qe2 Ne5 18. Nxe5 Qxe5 19. Ba6 Bxa6 20. Qxa6 d4 21. exd4 cxd4 22. Ne2 Rxc1 23. Nxc1 Qh5 24. Qe2 Qxh4 25. Qxe7 Re8 26. Qc7 Ng4 27. Qg3 Qxg3 28. hxg3 Rc8 29. Nb3 Rc2 30. Rd2 Rxd2 31. Nxd2 Ne5 32. Kf1 Kf8 33. Ke2 Ke7 34. f4 Nc6 35. Kf3 Ke6 36. Ke4 f5+ 37. Kd3 Kd5 38. a3 g5 39. b4 Nd8 40. fxg5 hxg5 41. Nf3 Ne6 42. a4 g4 43. Nd2 f4 44. Ne4 fxg3 45. Nf6+ Ke5 46. Nxg4+ Kf5 47. Nh6+ Kg6 48. Ng8 Nf4+ 49. Kxd4 Nxg2 50. Ke4 Nh4 51. Ke3 Nf5+ 52. Kf3 Kg7 53. Ne7 Nxe7 54. Kxg3 Nc6 55. Kf4 Nxb4 56. Ke5 Kf7 57. Kd6 Kf6 58. Kc7 Ke5 59. Kb7 a6 60. Kb6 Kd5 61. Ka5 Kc4 62. Kb6 Kb3 63. Ka5 Ka3 64. Kb6 Kxa4 65. Kc5 Kb3 66. Kb6 a5 67. Kxa5 1/2-1/2

[Event "NAYCC U14 w"]
[Site "Toronto CAN"]
[Date "2013.08.15"]
[Round "2"]
[White "Yu, Cindy"]
[Black "Gao, Christine"]
[Result "0-1"]
[WhiteElo "1332"]
[BlackElo "1472"]
[PlyCount "74"]
[GameId "2160767909284211"]
[EventDate "2013.08.14"]
[EventType "swiss"]
[EventRounds "9"]
[EventCountry "CAN"]
[SourceTitle "EXT 2022"]
[Source "ChessBase"]
[SourceDate "2021.10.06"]
[SourceVersion "1"]
[SourceVersionDate "2021.10.06"]
[SourceQuality "1"]

1. e4 c5 2. Nf3 d6 3. d4 cxd4 4. Nxd4 Nf6 5. Nc3 g6 6. Be3 Bg7 7. f3 O-O 8. Bc4 Nc6 9. Qd2 Bd7 10. O-O-O Rc8 11. Bb3 Ne5 12. h4 h5 13. Bh6 Nc4 14. Bxc4 Rxc4 15. Bxg7 Kxg7 16. g4 Qa5 17. Kb1 Rfc8 18. Nde2 Qb6 19. Nd5 Nxd5 20. exd5 Rxc2 21. Qxc2 Rxc2 22. Kxc2 Qf2 23. Rd2 Qxf3 24. Re1 Qf2 25. Rh1 Qc5+ 26. Kb1 Bxg4 27. Nc3 Qe3 28. Rdh2 Qf4 29. Ka1 a6 30. Rc2 Qf5 31. Rcc1 Qd7 32. Rhe1 e5 33. dxe6 fxe6 34. Re3 d5 35. Rce1 Qd8 36. Rh1 Qb6 37. Rhe1 d4 0-1

[Event "NAYCC U14 w"]
[Site "Toronto CAN"]
[Date "2013.08.15"]
[Round "2"]
[White "Zhou, Qiyu"]
[Black "Kathirkamar, Vaanie"]
[Result "1-0"]
[WhiteElo "2119"]
[BlackElo "1001"]
[PlyCount "55"]
[GameId "2160767909284212"]
[EventDate "2013.08.14"]
[EventType "swiss"]
[EventRounds "9"]
[EventCountry "CAN"]
[SourceTitle "EXT 2022"]
[Source "ChessBase"]
[SourceDate "2021.10.06"]
[SourceVersion "1"]
[SourceVersionDate "2021.10.06"]
[SourceQuality "1"]

1. e4 e5 2. Nf3 Nc6 3. Bb5 a6 4. Ba4 d6 5. c3 Nf6 6. d3 Be7 7. O-O O-O 8. Nbd2 b5 9. Bc2 d5 10. exd5 Nxd5 11. Re1 Bd6 12. Ne4 Nf6 13. Nxf6+ Qxf6 14. Bg5 Qe6 15. d4 Qe8 16. Qd3 f5 17. dxe5 Be7 18. Qd5+ Kh8 19. Bxe7 Qxe7 20. Qxc6 Be6 21. Nd4 Bd7 22. Qxc7 g5 23. e6 Rad8 24. exd7 Qxd7 25. Qe5+ Kg8 26. Bb3+ Rf7 27. Nxf5 Kf8 28. Qh8# 1-0

[Event "NAYCC U14 w"]
[Site "Toronto CAN"]
[Date "2013.08.15"]
[Round "3"]
[White "Cherepakhin, Olga"]
[Black "Zhou, Qiyu"]
[Result "0-1"]
[WhiteElo "1669"]
[BlackElo "2119"]
[PlyCount "44"]
[GameId "2160767909284213"]
[EventDate "2013.08.14"]
[EventType "swiss"]
[EventRounds "9"]
[EventCountry "CAN"]
[SourceTitle "EXT 2022"]
[Source "ChessBase"]
[SourceDate "2021.10.06"]
[SourceVersion "1"]
[SourceVersionDate "2021.10.06"]
[SourceQuality "1"]

1. e4 c5 2. Nc3 Nc6 3. f4 g6 4. Nf3 Bg7 5. d3 d6 6. g3 e6 7. Bg2 Nge7 8. O-O O-O 9. Qe1 Rb8 10. g4 f5 11. Bh3 b5 12. Nh4 Nd4 13. Qd2 Bb7 14. exf5 exf5 15. gxf5 Nexf5 16. Nxf5 Nxf5 17. Bg2 Bd4+ 18. Kh1 Ne3 19. Rf2 Nxg2 20. Rxg2 Bxg2+ 21. Qxg2 Qh4 22. Ne4 Qe1+ 0-1

[Event "NAYCC U14 w"]
[Site "Toronto CAN"]
[Date "2013.08.15"]
[Round "3"]
[White "Dhingra, Sangeeta"]
[Black "Peng, Janet"]
[Result "0-1"]
[WhiteElo "1803"]
[BlackElo "1479"]
[PlyCount "128"]
[GameId "2160767909284214"]
[EventDate "2013.08.14"]
[EventType "swiss"]
[EventRounds "9"]
[EventCountry "CAN"]
[SourceTitle "EXT 2022"]
[Source "ChessBase"]
[SourceDate "2021.10.06"]
[SourceVersion "1"]
[SourceVersionDate "2021.10.06"]
[SourceQuality "1"]

1. e4 e6 2. d4 d5 3. e5 c5 4. c3 Nc6 5. Nf3 Qb6 6. a3 Nh6 7. b4 cxd4 8. cxd4 Nf5 9. Bb2 Bd7 10. g3 Be7 11. Bg2 O-O 12. Qd3 a5 13. b5 a4 14. Nc3 Ncxd4 15. Nxd4 Nxd4 16. Nxd5 exd5 17. Bxd4 Qxb5 18. Qd2 Rfe8 19. Bf1 Qa5 20. Bc3 Qa7 21. Bg2 Bc6 22. O-O Rad8 23. Kh1 d4 24. Bb2 Bxg2+ 25. Kxg2 Bc5 26. f4 Qa6 27. Rae1 d3 28. f5 Bd4 29. Bxd4 Rxd4 30. f6 Qc6+ 31. Kg1 Qc5 32. Rc1 Rc4+ 33. Kh1 Rxc1 34. Rxc1 Qxe5 35. Qxd3 Qxf6 36. Qd5 Qe7 37. Qf3 h6 38. Rc4 Qe1+ 39. Kg2 Qe2+ 40. Qxe2 Rxe2+ 41. Kf3 Rxh2 42. Rxa4 Ra2 43. Kg4 g5 44. Rb4 Rxa3 45. Rxb7 Kg7 46. Rb6 Re3 47. Rb5 Kg6 48. Kh3 h5 49. Kh2 Re4 50. Rc5 h4 51. gxh4 Rxh4+ 52. Kg3 f5 53. Rc8 Rh7 54. Rc5 Rf7 55. Rc6+ Kh5 56. Rc5 f4+ 57. Kg2 Kh4 58. Rc6 Kg4 59. Rc3 Re7 60. Rc2 f3+ 61. Kg1 Kg3 62. Rf2 Re1+ 63. Rf1 Rxf1+ 64. Kxf1 f2 0-1

[Event "NAYCC U14 w"]
[Site "Toronto CAN"]
[Date "2013.08.15"]
[Round "3"]
[White "Ding, Kimberly"]
[Black "Li, Kristen"]
[Result "1-0"]
[WhiteElo "2012"]
[BlackElo "1626"]
[PlyCount "115"]
[GameId "2160767909284215"]
[EventDate "2013.08.14"]
[EventType "swiss"]
[EventRounds "9"]
[EventCountry "CAN"]
[SourceTitle "EXT 2022"]
[Source "ChessBase"]
[SourceDate "2021.10.06"]
[SourceVersion "1"]
[SourceVersionDate "2021.10.06"]
[SourceQuality "1"]

1. e4 c5 2. Nf3 d6 3. d4 cxd4 4. Nxd4 Nf6 5. Nc3 a6 6. Bg5 e6 7. f4 Be7 8. Qf3 Qc7 9. h3 Nbd7 10. Nb3 b5 11. a3 Bb7 12. O-O-O Rc8 13. Bd3 O-O 14. Qe3 Nc5 15. Nxc5 dxc5 16. f5 b4 17. e5 bxc3 18. exf6 cxb2+ 19. Kb1 Bd8 20. fxe6 fxe6 21. Qxe6+ Kh8 22. fxg7+ Qxg7 23. Bh6 Qg8 24. Bc4 Qxe6 25. Bxe6 Bf6 26. Bxc8 Rxc8 27. Rd7 Bc6 28. Rf7 Bd4 29. Rhf1 Bd5 30. Rf8+ Rxf8 31. Rxf8+ Bg8 32. Re8 a5 33. Rd8 Bf2 34. Kxb2 Bd4+ 35. c3 Be5 36. Rc8 c4 37. Ra8 a4 38. Rxa4 Bd6 39. Ra7 Be5 40. a4 Bf6 41. Ra8 Bh4 42. a5 Bf2 43. a6 Bg1 44. a7 Bxa7 45. Rxa7 Bd5 46. Rd7 Be6 47. Rd8+ Bg8 48. Rxg8+ Kxg8 49. Ka3 Kf7 50. Kb4 Kg6 51. Bf4 Kf5 52. g3 Ke6 53. Kxc4 h5 54. h4 Kd7 55. Kd5 Kc8 56. Kc6 Kd8 57. Kb7 Kd7 58. c4 1-0

[Event "NAYCC U14 w"]
[Site "Toronto CAN"]
[Date "2013.08.15"]
[Round "3"]
[White "Gao, Christine"]
[Black "Kulkarni, Soumya"]
[Result "0-1"]
[WhiteElo "1472"]
[BlackElo "1769"]
[PlyCount "132"]
[GameId "2160767909284216"]
[EventDate "2013.08.14"]
[EventType "swiss"]
[EventRounds "9"]
[EventCountry "CAN"]
[SourceTitle "EXT 2022"]
[Source "ChessBase"]
[SourceDate "2021.10.06"]
[SourceVersion "1"]
[SourceVersionDate "2021.10.06"]
[SourceQuality "1"]

1. e4 e5 2. Nf3 Nc6 3. d4 exd4 4. Nxd4 Bc5 5. Be3 Qf6 6. c3 Nge7 7. Bc4 O-O 8. O-O Ne5 9. Be2 N5c6 10. Kh1 Nxd4 11. Bxd4 Bxd4 12. cxd4 d5 13. e5 Qb6 14. Qd2 Bf5 15. Nc3 c6 16. Na4 Qc7 17. Bd3 Qc8 18. Rac1 Rb8 19. b4 Qe6 20. Nc5 Qg6 21. Bxf5 Qxf5 22. Rce1 b6 23. Nb3 Rfe8 24. f4 Ng6 25. a4 Re6 26. h3 Ree8 27. g4 Qd7 28. f5 Nf8 29. f6 Ng6 30. Qd3 Rbc8 31. a5 Kh8 32. Re2 Rf8 33. Qg3 Kg8 34. h4 Qe6 35. h5 Nh8 36. fxg7 Kxg7 37. Rf6 Qe7 38. Qf4 Qxb4 39. Qh6+ Kg8 40. Qg5+ Ng6 41. hxg6 Qxb3 42. gxf7+ Kh8 43. Qf5 Qd1+ 44. Qf1 Qxd4 45. Rf4 Qc5 46. Rh2 Qe7 47. g5 Qxg5 48. Qh3 Qg6 49. Rg2 Qb1+ 50. Rg1 Qc2 51. Qg4 Qg6 52. Qh4 Qe6 53. Qg5 Rxf7 54. Rh4 Qe7 55. Qg4 Rcf8 56. Qh3 Qxe5 57. axb6 axb6 58. Rhg4 c5 59. Qh6 Rf5 60. Rh4 R5f7 61. Qxb6 d4 62. Qb2 Qd5+ 63. Rg2 Rf1+ 64. Kh2 Qe5+ 65. Kh3 R1f3+ 66. Kg4 R8f4# 0-1

[Event "NAYCC U14 w"]
[Site "Toronto CAN"]
[Date "2013.08.15"]
[Round "3"]
[White "Kathirkamar, Vaanie"]
[Black "Yu, Cindy"]
[Result "0-1"]
[WhiteElo "1001"]
[BlackElo "1332"]
[PlyCount "116"]
[GameId "2160767909284217"]
[EventDate "2013.08.14"]
[EventType "swiss"]
[EventRounds "9"]
[EventCountry "CAN"]
[SourceTitle "EXT 2022"]
[Source "ChessBase"]
[SourceDate "2021.10.06"]
[SourceVersion "1"]
[SourceVersionDate "2021.10.06"]
[SourceQuality "1"]

1. e4 e5 2. Nf3 Nc6 3. Nc3 Nf6 4. Bb5 Bb4 5. Bxc6 dxc6 6. Nxe5 Bxc3 7. bxc3 Nxe4 8. O-O O-O 9. d3 Nxc3 10. Qd2 Qd4 11. Bb2 Ne2+ 12. Qxe2 Qxb2 13. Nf3 Bg4 14. Rfc1 Rfe8 15. Qd1 Qf6 16. h3 Bxf3 17. Qxf3 Qxf3 18. gxf3 Re2 19. Rab1 b6 20. Rb2 Rae8 21. Rcb1 h6 22. c4 c5 23. Kf1 Rxb2 24. Rxb2 g5 25. Re2 Rxe2 26. Kxe2 Kg7 27. Ke3 Kf6 28. f4 Kf5 29. fxg5 hxg5 30. Kf3 f6 31. a3 c6 32. a4 a6 33. Ke3 b5 34. cxb5 cxb5 35. axb5 axb5 36. Kd2 Kf4 37. Kc3 Kf3 38. d4 cxd4+ 39. Kxd4 Kxf2 40. Kc5 Kg3 41. Kxb5 Kxh3 42. Kc4 g4 43. Kd3 g3 44. Ke2 Kh2 45. Kf3 g2 46. Kf4 g1=Q 47. Kf5 Qe1 48. Kxf6 Qe4 49. Kg5 Qf3 50. Kh4 Qg2 51. Kh5 Qg3 52. Kh6 Qg4 53. Kh7 Qg5 54. Kh8 Kg3 55. Kh7 Kf4 56. Kh8 Kf5 57. Kh7 Kf6 58. Kh8 Qg7# 0-1

[Event "NAYCC U14 w"]
[Site "Toronto CAN"]
[Date "2013.08.15"]
[Round "3"]
[White "Roque, Fernanda"]
[Black "Ravishankar, Rakshaa"]
[Result "0-1"]
[WhiteElo "1544"]
[BlackElo "1431"]
[PlyCount "76"]
[GameId "2160767909284218"]
[EventDate "2013.08.14"]
[EventType "swiss"]
[EventRounds "9"]
[EventCountry "CAN"]

1. c4 e6 2. Nc3 d5 3. cxd5 exd5 4. Nf3 Nf6 5. g3 Be7 6. Bg2 O-O 7. O-O c6 8. d4 Nbd7 9. Re1 Re8 10. e4 dxe4 11. Nxe4 Nxe4 12. Rxe4 Nf6 13. Re2 Nd5 14. Qc2 Be6 15. Bd2 Qd7 16. Ne5 Qc7 17. a3 Rad8 18. Rae1 Bf6 19. f4 Qc8 20. Ba5 Nc7 21. Bxc7 Qxc7 22. f5 Bd7 23. Bd5 Bxe5 24. Rxe5 Rxe5 25. Rxe5 Qd6 26. Qc5 Qxc5 27. dxc5 cxd5 28. Rxd5 Kf8 29. b4 Ke7 30. g4 Bc6 31. Re5+ Kf6 32. Re3 Rd1+ 33. Kf2 Rd2+ 34. Kg3 Rg2+ 35. Kf4 g5+ 36. fxg6 fxg6 37. Rh3 g5+ 38. Ke3 Kg6 0-1

[Event "NAYCC U14 w"]
[Site "Toronto CAN"]
[Date "2013.08.15"]
[Round "3"]
[White "Serban, Diana"]
[Black "Thanabalachandran, Luxiga"]
[Result "0-1"]
[WhiteElo "1253"]
[BlackElo "1030"]
[PlyCount "144"]
[GameId "2160767909284220"]
[EventDate "2013.08.14"]
[EventType "swiss"]
[EventRounds "9"]
[EventCountry "CAN"]
[SourceTitle "EXT 2022"]
[Source "ChessBase"]
[SourceDate "2021.10.06"]
[SourceVersion "1"]
[SourceVersionDate "2021.10.06"]
[SourceQuality "1"]

1. d4 e6 2. c4 d5 3. Nf3 Nf6 4. Bg5 h6 5. Bh4 Nc6 6. cxd5 exd5 7. e3 Bb4+ 8. Nbd2 O-O 9. Be2 Qd6 10. Bg3 Qd8 11. O-O Bf5 12. Nb3 Re8 13. Rc1 a6 14. a3 Bd6 15. Bxd6 Qxd6 16. Nc5 Rab8 17. Qa4 Bd7 18. Nxd7 Qxd7 19. Bxa6 Ra8 20. Qb5 Rxa6 21. Qc5 Rb6 22. Qc2 Ne4 23. Rfd1 Re6 24. Rd3 Rg6 25. Nh4 Rf6 26. Rf1 Ne7 27. f3 Ng5 28. Kf2 Nf5 29. Nxf5 Rxf5 30. Ke2 Rc6 31. Rc3 Rxc3 32. Qxc3 Qb5+ 33. Ke1 c6 34. Rf2 Ne6 35. Kd2 b6 36. Kc2 Qc4 37. Qxc4 dxc4 38. Kc3 b5 39. b3 cxb3 40. Kxb3 c5 41. dxc5 Rxc5 42. Rc2 Rxc2 43. Kxc2 Kf8 44. Kb3 Nc7 45. Kb4 Ke7 46. Kc5 Kd7 47. e4 g6 48. h4 f6 49. f4 Kc8 50. g3 Kd7 51. g4 Ne6+ 52. Kxb5 Nxf4 53. Kc5 Ng2 54. Kd5 Nxh4 55. e5 fxe5 56. Kxe5 Ke7 57. Kf4 g5+ 58. Ke5 Kf7 59. a4 Ng6+ 60. Kf5 Ne7+ 61. Ke4 Kg6 62. a5 Nc8 63. a6 h5 64. Kd5 hxg4 65. Kc6 g3 66. Kc7 g2 67. Kxc8 g1=Q 68. Kb8 g4 69. a7 Qxa7+ 70. Kxa7 g3 71. Kb6 g2 72. Kc5 g1=Q+ 0-1

[Event "NAYCC U14 w"]
[Site "Toronto CAN"]
[Date "2013.08.15"]
[Round "3"]
[White "Wang, Sophie"]
[Black "Tao, Rachel"]
[Result "0-1"]
[WhiteElo "1346"]
[BlackElo "1659"]
[PlyCount "140"]
[GameId "2160767909284221"]
[EventDate "2013.08.14"]
[EventType "swiss"]
[EventRounds "9"]
[EventCountry "CAN"]
[SourceTitle "EXT 2022"]
[Source "ChessBase"]
[SourceDate "2021.10.06"]
[SourceVersion "1"]
[SourceVersionDate "2021.10.06"]
[SourceQuality "1"]

1. e4 c5 2. Nc3 Nc6 3. f4 e6 4. Nf3 d5 5. Bb5 Nge7 6. O-O a6 7. Bxc6+ Nxc6 8. a3 Be7 9. Qe1 O-O 10. Qg3 d4 11. Ne2 d3 12. cxd3 Qxd3 13. Nc3 c4 14. Qf2 Na5 15. Ne5 Qd8 16. b4 f6 17. Nf3 Nb3 18. Rb1 a5 19. Qe2 Qc7 20. Nb5 Qb6+ 21. Kh1 Bd7 22. Nc3 Qc7 23. Na2 axb4 24. Nxb4 Bxb4 25. axb4 Ra4 26. d3 b5 27. Bd2 Rfa8 28. Qe3 Ra3 29. Bc3 Ra2 30. Nd4 Nxd4 31. Qxd4 Rc2 32. Rbc1 Rxc1 33. Rxc1 Qxf4 34. Rd1 Qc7 35. dxc4 Bc6 36. cxb5 Bxb5 37. Qc5 Qxc5 38. bxc5 Ra3 39. Bb2 Re3 40. h3 Rxe4 41. Rc1 Bc6 42. Kg1 Re2 43. Bc3 Rxg2+ 44. Kf1 Rg3 45. h4 Rh3 46. Be1 Kf7 47. Ra1 Rf3+ 48. Ke2 Rf5 49. Ra7+ Kg6 50. Bf2 Bb5+ 51. Ke3 Rxc5 52. Kf3 Rf5+ 53. Kg3 e5 54. Re7 Bc6 55. Be3 Rf3+ 56. Kg4 Rxe3 57. h5+ Kh6 58. Kf5 Rh3 59. Rc7 Rxh5+ 60. Kg4 Bh1 61. Kg3 e4 62. Kf4 Re5 63. Ke3 Kg6 64. Rc1 Bf3 65. Rg1+ Kf7 66. Rc1 g5 67. Rc7+ Re7 68. Rc8 g4 69. Rc1 g3 70. Rh1 Bxh1 0-1

[Event "NAYCC U14 w"]
[Site "Toronto CAN"]
[Date "2013.08.15"]
[Round "3"]
[White "Xiang, Evan"]
[Black "Pobereshnikova, Agniya"]
[Result "1/2-1/2"]
[WhiteElo "1944"]
[BlackElo "1547"]
[PlyCount "98"]
[GameId "2160767909284222"]
[EventDate "2013.08.14"]
[EventType "swiss"]
[EventRounds "9"]
[EventCountry "CAN"]
[SourceTitle "EXT 2022"]
[Source "ChessBase"]
[SourceDate "2021.10.06"]
[SourceVersion "1"]
[SourceVersionDate "2021.10.06"]
[SourceQuality "1"]

1. d4 Nf6 2. Bf4 g6 3. Nf3 c5 4. c3 Bg7 5. e3 O-O 6. Nbd2 d5 7. Be2 e6 8. O-O b6 9. Ne5 Nfd7 10. Nxd7 Bxd7 11. Bd6 Re8 12. dxc5 Nc6 13. cxb6 Qxb6 14. Qb3 Qd8 15. Nf3 Ne7 16. Ne5 Nf5 17. Nxd7 Nxd6 18. Nc5 Rb8 19. Qc2 Re7 20. Rad1 Qb6 21. b4 Rc8 22. Ba6 Rcc7 23. Bd3 Nb5 24. Bxb5 Qxb5 25. Qb3 a5 26. a4 Qb6 27. Rb1 Bxc3 28. Qxc3 axb4 29. Rxb4 Rxc5 30. Qd4 e5 31. Qb2 Qc6 32. Rb8+ Kg7 33. Rb5 Rc2 34. Qb4 Ra7 35. f4 d4 36. Rf2 Rc1+ 37. Rf1 dxe3 38. Qb2 Rc2 39. Qxe5+ f6 40. Qd5 Qxd5 41. Rxd5 Rxa4 42. Rd7+ Kh6 43. g4 g5 44. fxg5+ Kxg5 45. Rg7+ Kh6 46. Rg8 f5 47. gxf5 e2 48. Re1 Rd2 49. Kf2 Rd5 1/2-1/2

[Event "NAYCC U14 w"]
[Site "Toronto CAN"]
[Date "2013.08.16"]
[Round "4"]
[White "Kathirkamar, Vaanie"]
[Black "Serban, Diana"]
[Result "0-1"]
[WhiteElo "1001"]
[BlackElo "1253"]
[PlyCount "62"]
[GameId "2160767909284223"]
[EventDate "2013.08.14"]
[EventType "swiss"]
[EventRounds "9"]
[EventCountry "CAN"]
[SourceTitle "hb 2013"]

1. e4 c5 2. Ne2 d6 3. g3 Nf6 4. Bg2 Nc6 5. O-O g6 6. c3 Bg7 7. d4 cxd4 8. cxd4 O-O 9. h3 Qd7 10. Nbc3 e6 11. Be3 Qe7 12. Qd2 Bd7 13. a3 Na5 14. Rab1 Nc4 15. Qd3 Rac8 16. f4 e5 17. d5 exf4 18. Bxf4 Nh5 19. Bc1 f5 20. b3 Bxc3 21. Nxc3 Ne5 22. Qd2 fxe4 23. Rxf8+ Rxf8 24. Nxe4 Bxh3 25. Qc2 Bf5 26. Bb2 Nxg3 27. Re1 Nxe4 28. Bxe4 Nf3+ 29. Kf2 Nxe1 30. Kxe1 Qxe4+ 31. Qxe4 Bxe4 0-1

[Event "NAYCC U14 w"]
[Site "Toronto CAN"]
[Date "2013.08.16"]
[Round "4"]
[White "Kulkami, Soumya"]
[Black "Peng, Janet"]
[Result "0-1"]
[WhiteElo "1769"]
[BlackElo "1479"]
[PlyCount "56"]
[GameId "2160767909284224"]
[EventDate "2013.08.14"]
[EventType "swiss"]
[EventRounds "9"]
[EventCountry "CAN"]
[SourceTitle "hb 2013"]

1. d4 e6 2. e4 d5 3. e5 c5 4. c3 Nc6 5. Nf3 Qb6 6. Be2 Nh6 7. dxc5 Bxc5 8. O-O Nf5 9. Qc2 Bd7 10. Nbd2 O-O 11. Nb3 Be7 12. Bd3 Rac8 13. Bxf5 exf5 14. Bf4 Rfd8 15. Rad1 Be6 16. Nbd4 Nxd4 17. Nxd4 Bc5 18. Nxf5 Bxf5 19. Qxf5 Qxb2 20. Rb1 Qxc3 21. Rxb7 Rf8 22. Rxf7 Bxf2+ 23. Rxf2 Rxf7 24. Qe6 Qc6 25. Qg4 Rcf8 26. h3 Rxf4 27. Rxf4 Qc1+ 28. Kh2 Qxf4+ 0-1

[Event "NAYCC U14 w"]
[Site "Toronto CAN"]
[Date "2013.08.16"]
[Round "4"]
[White "Li, Kristen"]
[Black "Xiang, Evan"]
[Result "0-1"]
[WhiteElo "1626"]
[BlackElo "1944"]
[PlyCount "172"]
[GameId "2160767909284226"]
[EventDate "2013.08.14"]
[EventType "swiss"]
[EventRounds "9"]
[EventCountry "CAN"]
[SourceTitle "hb 2013"]

1. e4 d5 2. exd5 Nf6 3. Nc3 Nxd5 4. Nf3 Bf5 5. a3 e6 6. d4 Be7 7. Bc4 Nb6 8. Bb3 c6 9. h3 O-O 10. O-O N8d7 11. Bf4 Nf6 12. Re1 Nbd5 13. Bh2 b5 14. Ne2 Qb6 15. Ng3 Bg6 16. Ne5 Rfd8 17. Nxg6 hxg6 18. Ne2 c5 19. c3 a5 20. Qd2 c4 21. Bc2 Bd6 22. Bxd6 Qxd6 23. Ng3 Rab8 24. Qe2 Qc7 25. Ne4 Nxe4 26. Bxe4 Nf6 27. Bf3 Nd5 28. Rac1 Nf4 29. Qc2 Nd3 30. Be4 Nxe1 31. Rxe1 b4 32. axb4 axb4 33. Rd1 bxc3 34. bxc3 Qa5 35. Bf3 Rb3 36. Rc1 Rdb8 37. Bd1 Rb2 38. Qe4 Qd5 39. Qg4 Rb1 40. Rc2 f5 41. Qe2 Qe4 42. Qd2 Qd3 43. Qxd3 cxd3 44. Rd2 Rc1 45. Kh2 Rxc3 46. Bf3 Rd8 47. Kg3 Rxd4 48. Bd1 e5 49. f3 Rb4 50. Ra2 Rb1 51. Rd2 Ra3 52. Kf2 Rba1 53. Ke3 g5 54. g3 Kf7 55. Kf2 R1a2 56. Bb3+ Rxb3 57. Rxa2 e4 58. Rd2 Kf6 59. g4 Ke5 60. gxf5 Kxf5 61. Ke3 exf3 62. Kxf3 Ra3 63. Ke3 Ke5 64. Rb2 d2+ 65. Kxd2 Rxh3 66. Rb5+ Kf4 67. Rb4+ Kg3 68. Rb3+ Kg2 69. Rb5 Rh5 70. Rb7 g6 71. Rb6 Rh6 72. Rb5 g4 73. Rg5 Kf3 74. Ra5 Rh5 75. Ra3+ Kf2 76. Ra8 Rd5+ 77. Kc3 g3 78. Rf8+ Rf5 79. Rd8 Rf3+ 80. Kc2 g2 81. Rd2+ Kg3 82. Rd1 Rf1 83. Rd3+ Kh2 84. Rd2 Kh1 85. Rd8 g1=Q 86. Rh8+ Kg2 0-1